States and Territories of Australia - Statistics

General Stats
  • This quiz has been taken 23 times
  • The average score is 10 of 16
Answer Stats
Answer % Correct
South Australia
95%
Victoria
95%
Western Australia
95%
New South Wales
90%
Northern Territory
90%
Tasmania
90%
Queensland
86%
Christmas Island
67%
Australian Capital Territory
57%
Cocos (Keeling) Islands
43%
Norfolk Island
43%
Heard Island and McDonald Islands
33%
Australian Antarctic Territory
29%
Jervis Bay Territory
24%
Ashmore and Cartier Islands
19%
Coral Sea Islands
19%
No matching quizzes found
Score Distribution
Percent of People with Each Score
Percentile by Number Answered
Your Score History
You have not taken this quiz